[Event "Bucharest-B"]
[Site "Bucharest"]
[Date "1994.??.??"]
[Round "?"]
[White "Podgurkii, Stepan"]
[Black "Ionescu, Doru Alexandru"]
[Result "0-1"]
[WhiteElo "2250"]
[BlackElo "2310"]

1.e4 g6 2.d4 Bg7 3.Nc3 c5 4.dxc5 Qa5 5.Nf3 Nf6 6.Bd3 Qxc5 7.O-O O-O 8.Be3 Qc7
9.Nb5 Qa5 10.c4 Nc6 11.h3 d6 12.a3 Nd7 13.Nfd4 a6 14.b4 Qd8 15.Nxc6 bxc6
16.Nd4 Qc7 17.Rb1 Ne5 18.Be2 Nd7 19.Nb3 f5 20.exf5 gxf5 21.Qd2 Nf6 22.Bf3 e5
23.Bg5 Be6 24.Na5 e4 25.Be2 Qd7 26.Rfd1 Ne8 27.Rb3 Kh8 28.Rg3 d5 29.Nxc6 Qxc6
30.cxd5 Bxd5 31.Qxd5 Qxd5 32.Rxd5 Nc7 33.Rd7 Ne6 34.Bd2 Rfc8 35.Re7 Be5 36.Rxe6 Bxg3
37.fxg3 Rc2 38.Rd6 e3 39.Bxe3 Rxe2 40.Bd4+ Kg8 41.Kf1 Ra2 42.Rd7 Rc8 43.Bc5 Rxa3
44.Rd5 Rxg3 45.Rxf5 Rc6 46.Kg1 Rcg6 47.Rf8+ Kg7 48.Rf2 Rxh3 49.Rb2 Rh5 50.Rf2 Rd5
51.Be3 Re6 52.Bd2 Kg6 53.Bc3 Rc6 54.Rf3 h5 55.Kh2 Rf5 56.Rd3 Kf7 57.Re3 Re6
58.Rd3 Re2 59.Rd7+ Ke6 60.Ra7 Rc2 61.Be1 Kd6 62.Bh4 Kc6 63.Bd8 Rf4 64.Ba5 Rg4
65.Rxa6+ Kd5 66.Rh6 Rgxg2+ 67.Kh1 Rg5 68.Bc7 Kc4 69.Bd6 Rd5 70.Bc5 Rd1+ 71.Bg1 Rcc1
72.Rg6 Rd4 73.Rg2 Rh4+ 74.Rh2 Rg4 75.Rg2 Kxb4 76.Kh2 Kc4 77.Bb6 Kd5 78.Re2 Rcc4
79.Bf2 Rc3 80.Bb6 Rf3 81.Bf2 Kc4 82.Bb6 Rb3 83.Bc7 Rb5 84.Bd6 Kd3 85.Re1 Kd2
86.Re6 Rd5 87.Bc7 Kd3 88.Re1 Rh4+ 89.Kg3 Rdd4 90.Kg2 Rdg4+ 91.Bg3 Rg6 92.Kf2 Rhg4
93.Re3+ Kc4 94.Be5 Kd5 95.Bc7 Rf6+ 96.Rf3 Rxf3+ 97.Kxf3 Ke6 98.Bd8 Kf5 99.Bc7 h4
100.Bd6 h3 101.Bc7 Rg7 102.Bd6 Rb7  0-1

[Event "Budapest FS11 IM-A"]
[Site "Budapest"]
[Date "1994.??.??"]
[Round "8"]
[White "Galyas, Miklos"]
[Black "Shurygin, Sergey"]
[Result "0-1"]
[WhiteElo "2265"]
[BlackElo "2320"]

1.e4 g6 2.d4 Bg7 3.Nc3 c5 4.dxc5 Qa5 5.Bd2 Qxc5 6.Nd5 Na6 7.Nf3 e6 8.Bc3 Kf8
9.Bxg7+ Kxg7 10.Nc3 Nf6 11.Qd2 d5 12.exd5 exd5 13.O-O-O Ne4 14.Nxe4 dxe4
15.Nd4 Rd8 16.Qe3 Qe7 17.h4 h6 18.f3 Re8 19.Bb5 Bd7 20.h5 Bxb5 21.hxg6 Qg5
22.Qxg5 hxg5 23.Nxb5 exf3 24.gxf7 Re5 25.Rd7 Rf8 26.Nd6 f2 27.Kd2 Nc5 28.Ne8+ Kg6
29.Rd8 Ne4+ 30.Kd3 Rxf7  0-1

[Event "ESP-chT"]
[Site "Cala Galdana"]
[Date "1994.??.??"]
[Round "?"]
[White "Garcia Padron, Jose"]
[Black "Fernandez Fernandez, A."]
[Result "0-1"]
[WhiteElo "2450"]
[BlackElo "2305"]

1.e4 g6 2.d4 Bg7 3.Nc3 Nc6 4.Be3 d5 5.e5 f6 6.f4 Nh6 7.Be2 O-O 8.Bf3 e6 9.Nge2 Nf5
10.Bc1 fxe5 11.dxe5 g5 12.fxg5 Nxe5 13.O-O c6 14.Nf4 Qb6+ 15.Kh1 Ne3 16.Bxe3 Qxe3
17.Nh3 Bd7 18.Na4 Nxf3 19.Rxf3 Rxf3 20.Qxf3 Qd4 21.Qf4 Rf8 22.Qxd4 Bxd4 23.c3 Bg7
24.Nc5 Bc8 25.Kg1 e5 26.Rf1 e4 27.Nb3 Rxf1+ 28.Kxf1 Be5 29.Ng1 Bxh2 30.Ne2 Bd6
31.Kf2 Kg7 32.c4 dxc4 33.Nd2 b5 34.Nxe4 Be5 35.b3 cxb3 36.axb3 a5 37.Nc5 Bd6
38.Nd3 Be6 39.Nec1 a4 40.bxa4 bxa4 41.Ne1 a3 42.Nc2 a2 43.Nd3 Bf5 44.Ke3 c5
45.g4 Bxd3 46.Kxd3 Be5 47.Kc4 Bd4  0-1

[Event "Calcutta op"]
[Site "Calcutta"]
[Date "1994.??.??"]
[Round "2"]
[White "Anilkumar, O T."]
[Black "Crouch, Colin S"]
[Result "1/2-1/2"]
[WhiteElo "2260"]
[BlackElo "2410"]

1.e4 g6 2.d4 Bg7 3.Nc3 a6 4.a4 d6 5.Bc4 Nc6 6.Be3 e5 7.Nge2 Nf6 8.f3 O-O
9.Qd2 Bd7 10.d5 Ne7 11.g4 h5 12.h3 Nh7 13.Bh6 Nc8 14.Be3 f5 15.exf5 gxf5
16.Bd3 Qh4+ 17.Bf2 Qf6 18.Be3 Ne7 19.Kd1 h4 20.Rg1 c6 21.gxf5 cxd5 22.Nxd5 Nxd5
23.Bc4 Kh8 24.Bxd5 Bxf5 25.Ra3 Bxh3 26.Rb3 Bc8 27.Qd3 Bf5 28.Qd2 Rac8 29.c3 Rc7
30.Rb6 Qe7 31.Bh6 Qf6 32.Be3 Qe7 33.Bh6  1/2-1/2

[Event "Chicago op2"]
[Site "Chicago"]
[Date "1994.??.??"]
[Round "7"]
[White "Cooper, Thomas L"]
[Black "Carlin, Alfred Blake"]
[Result "0-1"]
[WhiteElo "2310"]
[BlackElo "2230"]

1.e4 Nc6 2.Nc3 g6 3.d4 Bg7 4.Nf3 d6 5.h3 e5 6.Bb5 exd4 7.Nxd4 Bd7 8.Bxc6 bxc6
9.O-O Ne7 10.Nde2 Rb8 11.Rb1 O-O 12.Be3 c5 13.Qd2 Re8 14.b3 Bc6 15.Ng3 Qc8
16.Nd5 Nxd5 17.exd5 Bd7 18.Rbe1 a5 19.Bh6 Bd4 20.c3 Bh8 21.Rxe8+ Bxe8 22.Re1 a4
23.bxa4 Bxa4 24.Qf4 Qd7 25.Nh5 f5 26.Qg5 Kf7 27.Ng7 Rg8 28.Re6  0-1

[Event "Corsico op"]
[Site "Corsico"]
[Date "1994.??.??"]
[Round "?"]
[White "Valenti, Giuseppe"]
[Black "Marzano, Carlo"]
[Result "1-0"]
[WhiteElo "2245"]
[BlackElo "2210"]

1.e4 Nc6 2.Nc3 g6 3.d4 Bg7 4.Nf3 d6 5.h3 Nf6 6.Bg5 h6 7.Be3 O-O 8.Qd2 Kh7
9.O-O-O a6 10.g4 Ng8 11.Be2 b5 12.h4 e6 13.Ng5+ Kh8 14.h5 Na5 15.b3 c5 16.hxg6 fxg6
17.Nf3 c4 18.Bxh6 Nxh6 19.Rxh6+ Kg8 20.Rxg6 b4 21.Qh6 Ra7 22.Rh1 bxc3 23.Qh7+ Kf7
24.Rxg7+ Ke8 25.Rxa7  1-0

[Event "CZE-ch"]
[Site "?"]
[Date "1994.??.??"]
[Round "8"]
[White "Svatos, Jan"]
[Black "Vokac, Marek"]
[Result "0-1"]
[WhiteElo "2280"]
[BlackElo "2485"]

1.e4 g6 2.d4 Bg7 3.Nc3 d5 4.exd5 Nf6 5.Bb5+ Nbd7 6.Nf3 O-O 7.O-O Nb6 8.Bg5 Nbxd5
9.Nxd5 Nxd5 10.Re1 Bg4 11.h3 Bxf3 12.Qxf3 c6 13.Bc4 Re8 14.c3 Qd6 15.Re2 e6
16.Rae1 b5 17.Bb3 a5 18.a3 Qd7 19.h4 b4 20.axb4 axb4 21.c4 Nb6 22.Bf6 Bxf6
23.Qxf6 Ra5 24.c5 Nd5 25.Qe5 Raa8 26.h5 Rad8 27.Re4 f6 28.Qg3 Kg7 29.hxg6 hxg6
30.Rg4 Qf7 31.Rge4 Re7 32.Qd3 Rde8 33.Bxd5 exd5 34.Rxe7 Rxe7 35.Rxe7 Qxe7
36.Qa6 Qe1+ 37.Kh2 Qxf2 38.Qb7+ Kh6 39.Qxb4 f5 40.Qc3 g5 41.b4 g4 42.b5 f4
43.Qc1 Qh4+  0-1

[Event "DEN-chT 9495"]
[Site "?"]
[Date "1994.??.??"]
[Round "3"]
[White "Brinck Claussen, Bjorn"]
[Black "Pedersen, Jan"]
[Result "0-1"]
[WhiteElo "2350"]
[BlackElo "2305"]

1.e4 g6 2.d4 Bg7 3.Nc3 Nc6 4.Be3 d5 5.Bb5 dxe4 6.d5 a6 7.Ba4 Bxc3+ 8.bxc3 b5
9.Bb3 Na5 10.Qd4 Nf6 11.Bh6 Nxb3 12.axb3 Qxd5 13.Bg7 Qxd4 14.cxd4 Rg8 15.Bxf6 exf6
16.Ne2 Ke7 17.O-O Rd8 18.Rfe1 f5 19.b4 Be6 20.c3 Bc4 21.Nf4 Kd6 22.h4 h6
23.g3 a5 24.bxa5 Ra6 25.Ra3 c5 26.h5 cxd4 27.cxd4 g5 28.Ng2 Ke6 29.Ne3 Rxd4
30.Nc2 Rd2 31.Nb4 Ra7 32.f3 Kd6  0-1

[Event "Arnold Cup"]
[Site "Gausdal"]
[Date "1994.??.??"]
[Round "6"]
[White "Sepp, Olav"]
[Black "Gausel, Einar"]
[Result "1/2-1/2"]
[WhiteElo "2485"]
[BlackElo "2485"]

1.e4 g6 2.d4 Bg7 3.Nc3 a6 4.g3 b5 5.Bg2 Bb7 6.Nge2 d6 7.O-O Nd7 8.Be3 c5
9.Qd2 cxd4 10.Bxd4 Ne5 11.b3 Nf6 12.Nd5 Bxd5 13.exd5 O-O 14.a4 Rc8 15.axb5 axb5
16.Ra7 Ned7 17.Nc3 Rb8 18.Na2 Ra8 19.Rxa8 Qxa8 20.Nb4 Qe8 21.Re1 e5 22.dxe6 fxe6
23.Bxf6 Rxf6 24.Nd5 Rf7 25.Nc7 Qc8 26.Nxb5 Qc5 27.c4 Be5 28.Qe3 Qb4 29.f4 Bf6
30.Rd1 d5 31.Qxe6 Qxb3 32.Qxd5 Kg7 33.Nd6 Re7 34.Ne4 Nb6 35.Qd3 Qxd3 36.Rxd3 Nxc4
37.Nxf6 Kxf6 38.Kf2 Ra7 39.Bd5 Nd6 40.Kf3 h5 41.Re3 Nf5 42.Re6+ Kg7 43.Rb6 Ra3+
44.Kf2 Rd3 45.Rb7+ Kf8 46.Rb8+ Ke7 47.Rb7+ Kf8 48.Be4 Rd2+ 49.Ke1 Rxh2 50.Bxf5 gxf5
51.Rb5 Kg7 52.Rxf5 Kg6 53.Rg5+ Kh6 54.Kf1 Ra2 55.Re5 Kg6 56.Rg5+ Kh6 57.Re5 Kg6
58.Re2 Ra4 59.Re6+ Kf5 60.Re5+ Kg4 61.Rg5+ Kf3  1/2-1/2

[Event "Oberliga Nord W9394"]
[Site "Germany"]
[Date "1994.??.??"]
[Round "?"]
[White "Jolowicz, Matias"]
[Black "Naumann, Frank"]
[Result "0-1"]
[WhiteElo "2265"]
[BlackElo "2250"]

1.d4 g6 2.e4 Bg7 3.Nc3 c5 4.d5 d6 5.Nf3 Nf6 6.Be2 O-O 7.a4 Na6 8.O-O Nc7
9.Nd2 b6 10.Nc4 Ba6 11.Bg5 Qd7 12.Qd2 Rab8 13.Rfe1 Bxc4 14.Bxc4 a6 15.f3 b5
16.axb5 axb5 17.Bf1 Ra8 18.Qe2 b4 19.Nb5 Nh5 20.g4 Nf6 21.Nxc7 Qxc7 22.Ra6 h5
23.Rea1 Rxa6 24.Rxa6 hxg4 25.fxg4 Nh7 26.Bc1 Bd4+ 27.Kh1 Nf6 28.h3 Kg7 29.Kg2 e6
30.Bf4 Rd8 31.Qd3 exd5 32.exd5 Nxd5 33.Bg5 Re8 34.Be2 Ne3+ 35.Kf3 Qb7+ 36.Kg3 Qg2+  0-1

[Event "Bundesliga 9394"]
[Site "Germany"]
[Date "1994.??.??"]
[Round "?"]
[White "Sievers, Stefan"]
[Black "Schlick, Volker"]
[Result "1-0"]
[WhiteElo "2330"]
[BlackElo "2315"]

1.e4 g6 2.d4 Bg7 3.Nc3 c5 4.Nge2 cxd4 5.Nxd4 Nc6 6.Be3 Nf6 7.Bc4 Nxe4 8.Nxe4 d5
9.Bb5 Bd7 10.Nc5 Bxd4 11.Bxd4 Qa5+ 12.c3 Qxb5 13.a4 Qa5 14.Nb3 Qc7 15.Bxh8 f6
16.O-O O-O-O 17.Bxf6 exf6 18.Qxd5 Bf5 19.Qc5 b6 20.Qe3 Rd3 21.Qe2 Ne5 22.Nd4 Ng4
23.f4 Qc5 24.Rad1 Re3 25.Qa6+ Kb8 26.Nxf5 Qxf5 27.Rd8+ Kc7 28.Ra8 Rd3 29.Rxa7+  1-0

[Event "Hessenliga"]
[Site "Germany"]
[Date "1994.??.??"]
[Round "?"]
[White "Rasch, Holger"]
[Black "Mueller, Achim"]
[Result "1/2-1/2"]
[WhiteElo "2260"]
[BlackElo "2240"]

1.e4 g6 2.d4 Bg7 3.Nc3 a6 4.a4 d6 5.Be3 Nd7 6.h4 Ngf6 7.Be2 h5 8.f3 c5 9.Qd2 Qa5
10.Nh3 cxd4 11.Bxd4 Ne5 12.Ng5 Bd7 13.O-O Rc8 14.f4 Nc4 15.Bxc4 Rxc4 16.Qd3 Rc6
17.e5 Bf5 18.Qd2 Ng4 19.b4 Qxb4 20.Rab1 Qc4 21.Rxb7 O-O 22.Rxe7 dxe5 23.fxe5 Rd8
24.Ne2 Qxc2 25.Qxc2 Rxc2 26.Bb6 Rb8 27.Nd4 Rxb6 28.Nxc2 Bxc2 29.Re8+ Bf8
30.Rxf7 Rb1+ 31.Rf1 Rxf1+ 32.Kxf1 Bxa4 33.Ra8 Nxe5 34.Ne6 Nd7 35.Kf2 Bb5
36.Ke3 Kf7 37.Nxf8 Nxf8 38.Kf4 Ke7 39.Kg5 Bd3 40.Ra7+ Nd7 41.g4 hxg4 42.Kxg4 Kd6
43.Kg5 Nc5 44.h5 gxh5 45.Kxh5 Kc6 46.Kg5 Kb5 47.Kf4 a5 48.Ke3 a4 49.Kd4 Bc4
50.Kc3 Bb3 51.Rc7 Ne4+ 52.Kb2 Kb6 53.Rc8  1/2-1/2

[Event "Landesliga S9495 Bayern"]
[Site "Germany"]
[Date "1994.??.??"]
[Round "2"]
[White "Poellner, Ludwig"]
[Black "Geberl, Hans Walter"]
[Result "0-1"]
[WhiteElo "2065"]
[BlackElo "2210"]

1.d4 g6 2.e4 Bg7 3.Nc3 c5 4.Nf3 cxd4 5.Nxd4 Nc6 6.Be3 Nf6 7.Nxc6 bxc6 8.e5 Ng8
9.f4 d5 10.exd6 exd6 11.Bc4 Qe7 12.Qd2 d5 13.Bxd5 cxd5 14.Nxd5 Qb7 15.Bd4 f6
16.Qa5 Kf7 17.O-O-O Bd7 18.Rhe1 Bc6 19.Nc7 Rc8 20.Ne6 Ne7 21.Nxg7 Kxg7 22.Re6 Rhf8
23.Bc5 Rf7 24.c4 Bxg2 25.b4 Qf3 26.Kb2 Qxd1 27.Bxe7 Qd2+ 28.Ka3 Qc3+ 29.Ka4 Bc6+
30.Rxc6 Rxc6 31.Bxf6+ Rfxf6  0-1

[Event "Hradec Kralove op"]
[Site "Hradec Kralove"]
[Date "1994.??.??"]
[Round "6"]
[White "Vavra, Radim"]
[Black "Krsek, Tomas"]
[Result "1/2-1/2"]
[WhiteElo "1925"]
[BlackElo "1925"]

1.e4 g6 2.d4 Bg7 3.Nc3 d5 4.exd5 Nf6 5.Nf3 Nxd5 6.Nxd5 Qxd5 7.Be2 Nc6 8.c4 Qd8
9.Be3 O-O 10.O-O e5 11.d5  1/2-1/2

[Event "JUG-ch sf"]
[Site "Kladovo"]
[Date "1994.??.??"]
[Round "?"]
[White "Karaklajic, Nikola"]
[Black "Damjanovic, Vladimir"]
[Result "1/2-1/2"]
[WhiteElo "2380"]
[BlackElo "2380"]

1.e4 g6 2.d4 Bg7 3.Nc3 d5 4.Nxd5 c6 5.Ne3 Qxd4 6.Qxd4 Bxd4 7.Bc4 Nf6 8.f3 Nfd7
9.Ne2 Bg7 10.Kf2 Nb6 11.Bb3 N8d7 12.Rd1 Nc5 13.c3 Be6 14.Bc2 a5 15.Nd4 a4
16.Nxe6 Nxe6 17.a3 h5 18.h4 O-O 19.g3 Rfd8 20.Ke2 Nc5 21.Bd2 Nb3 22.Rab1 Nxd2
23.Rxd2 Rxd2+ 24.Kxd2 Nd7 25.Rd1 Kf8 26.f4 e5 27.Ke2 Ke7 28.Nc4 Rd8 29.Bxa4 Nc5
30.Rxd8 Kxd8 31.Bc2 exf4 32.gxf4 Bf6 33.Kf3 Bxh4 34.b4 Ne6 35.Nd6 Be1 36.Nxf7+ Ke7
37.Ne5 Bxc3 38.Nxg6+ Kf7 39.Bb3 Kxg6 40.Bxe6 b5 41.Bd7 Bb2 42.Bxc6 Bxa3 43.Bxb5 Bxb4
44.Be8+ Kh6 45.e5 Bd2 46.Ke4 h4 47.Bd7 Kg7 48.Bh3 Kf7 49.f5 Bg5 50.Kd5 Ke7
51.Kc6 Bf4 52.f6+ Kf7 53.Kd6 Bd2 54.Bg4 Bc3 55.Bh5+ Kf8 56.Bg4 Kf7 57.Kd5 Bb2
58.Ke4 Ba3 59.Kf5 Kf8 60.e6 Bb4 61.Ke4  1/2-1/2

[Event "Kstovo op"]
[Site "Kstovo"]
[Date "1994.??.??"]
[Round "7"]
[White "Genba, Vladimir"]
[Black "Fedorov, Alexei"]
[Result "1/2-1/2"]
[WhiteElo "2430"]
[BlackElo "2500"]

1.e4 g6 2.d4 Bg7 3.Nc3 c5 4.d5 d6 5.Nf3 Nf6 6.Be2 O-O 7.O-O Na6 8.Bf4 Nc7
9.a4 b6 10.Nd2 Rb8 11.Nc4 Ba6 12.Re1 Bxc4 13.Bxc4 a6 14.Bf1 b5 15.Qd2 Re8
16.Nd1 Nd7 17.Bh6 Bh8 18.Ra3 c4 19.Rh3 e6 20.dxe6 Rxe6 21.axb5 axb5 22.b3 cxb3
23.cxb3 Nc5 24.Qc2 Nd5 25.Bd2 Qe8 26.Ne3 Nxe3 27.Rhxe3 Bd4 28.R3e2 Rc8 29.Qb1 Rc7
30.Kh1 Rce7 31.f3 Ra7 32.Be3 Ra1 33.Qc2 Rxe1 34.Rxe1 Bxe3 35.Rxe3 Re5 36.b4 Ne6
37.Rd3 Qe7 38.Qd2 Rh5 39.Rxd6 Qh4 40.h3 Qg3 41.Rd5 Rxd5 42.exd5 Qd6 43.Bxb5 Nf4
44.Bf1 g5 45.Bc4 h5 46.Bb3 g4 47.fxg4 hxg4 48.Qd4 g3 49.Bd1 Qe7 50.Qc3 Nxd5
51.Qxg3+ Kf8 52.b5 Qc5 53.Qb8+ Ke7 54.Bf3 Qc1+ 55.Kh2 Ne3 56.Qe5+ Kf8 57.Qd6+ Kg7
58.Qd4+ f6 59.h4 Qe1 60.Qd7+ Kh6 61.Kh3 Qh1+ 62.Kg3 Qe1+ 63.Kf4 Nf1 64.Qd4 Qxh4+
65.Bg4 Qg3+ 66.Kf5 Ne3+ 67.Kxf6 Nxg4+ 68.Kf5 Ne3+ 69.Ke4 Ng4  1/2-1/2

[Event "Minsk op"]
[Site "Minsk"]
[Date "1994.??.??"]
[Round "8"]
[White "Daniliuk, Sergey"]
[Black "Starosek, Konstantin"]
[Result "1/2-1/2"]
[WhiteElo "2440"]
[BlackElo "2465"]

1.e4 g6 2.d4 Bg7 3.Nc3 a6 4.f4 b5 5.Nf3 Bb7 6.Bd3 Nh6 7.O-O f5 8.e5 O-O 9.a4 b4
10.Na2 Qc8 11.Bc4+ e6 12.d5 a5 13.c3 Ba6 14.Qb3 Bxc4 15.Qxc4 Qa6 16.Qxa6 Nxa6
17.cxb4 axb4 18.dxe6 dxe6 19.Bd2 c5 20.Rac1 Rfd8 21.Rc4 Nf7 22.h4 Rd5 23.Nc1 Nd8
24.Nb3 Nb7 25.Kf2 Bf8 26.Be3 Nb8 27.Ra1 Be7 28.Ke2 Nc6 29.Nfd2 Nca5 30.Rc2 h5
31.g3 Kf7 32.Rac1  1/2-1/2

[Event "Moscow-ch"]
[Site "Moscow"]
[Date "1994.??.??"]
[Round "?"]
[White "Vorobiov, Evgeny E"]
[Black "Verner, A."]
[Result "1-0"]
[WhiteElo "2300"]
[BlackElo "2380"]

1.e4 g6 2.d4 Bg7 3.Nc3 c5 4.d5 d6 5.f4 Na6 6.Nf3 Nc7 7.Bd3 Nf6 8.O-O O-O
9.Qe1 e6 10.dxe6 fxe6 11.Qh4 Nd7 12.Qh3 d5 13.Ng5 Bd4+ 14.Kh1 Qe7 15.Bd2 c4
16.Be2 Nb6 17.Rae1 Bf6 18.e5 Bh8 19.Be3 Re8 20.Bc5 Qg7 21.Bd6 Na6 22.Bg4 h5
23.Bxe6+ Rxe6 24.Nxe6 Qh6 25.f5 gxf5 26.Qg3+ Bg7 27.Nxg7 Qxg7 28.Qf4 Nc7
29.Re3 Ne6 30.Qxf5 h4 31.Qh5 Bd7 32.Qxh4 Qh7 33.Rg3+ Ng7 34.Qf6 Kh8 35.Rg6 d4
36.Rh6 dxc3 37.Qf8+  1-0

[Event "Moscow2"]
[Site "Moscow"]
[Date "1994.??.??"]
[Round "3"]
[White "Nesterov, Jakov"]
[Black "Kazhgaleyev, Murtas"]
[Result "1/2-1/2"]
[WhiteElo "2460"]
[BlackElo "2335"]

1.d4 g6 2.e4 Bg7 3.Nc3 Nc6 4.Be3 d5 5.e5 Nh6 6.f4 f6 7.Nf3 Bg4 8.Be2 Nf5
9.Bf2 e6 10.g3 fxe5 11.dxe5 O-O 12.h4 d4 13.Nxd4 Bxe2 14.Ndxe2 Qe7 15.Qd3 Rad8
16.Qc4 Bxe5 17.fxe5 Nxe5 18.Qe4 Nxg3 19.Qxe5 Nxh1 20.Bd4 Qxh4+ 21.Kd2 Qf6
22.Qxf6 Rxf6 23.Ne4 Rf3 24.Ng5 Rf5 25.Nxe6 Rd6 26.Nxc7 Nf2 27.c4 Ne4+ 28.Ke3 Ng5
29.b3  1/2-1/2

[Event "Orange op"]
[Site "Orange"]
[Date "1994.??.??"]
[Round "5"]
[White "Prie, Eric"]
[Black "Jean, Olivier"]
[Result "1-0"]
[WhiteElo "2475"]
[BlackElo "2190"]

1.e4 g6 2.d4 Bg7 3.Nc3 c5 4.d5 d6 5.Bb5+ Bd7 6.a4 Na6 7.Nf3 Nc7 8.Bxd7+ Qxd7
9.O-O Nf6 10.Bf4 O-O 11.Qd2 b5 12.axb5 Nxb5 13.Rfe1 Nxc3 14.bxc3 Rfd8 15.Ra3 Qb5
16.Qd3 Rdb8 17.c4 Qb7 18.e5 Nh5 19.Bd2 Qc7 20.g4  1-0

[Event "Ostrava"]
[Site "Ostrava"]
[Date "1994.??.??"]
[Round "4"]
[White "Sokolov, Andrei"]
[Black "Plachetka, Jan"]
[Result "1/2-1/2"]
[WhiteElo "2555"]
[BlackElo "2435"]

1.e4 g6 2.d4 Bg7 3.Nc3 d5 4.exd5 Nf6 5.Bc4 Nbd7 6.h3 Nb6 7.Bb3 a5 8.a3 a4
9.Ba2 Nbxd5 10.Nxd5 Nxd5 11.Nf3 O-O 12.O-O c6 13.Bg5 Be6 14.Re1 b5 15.Qd2 Nc7
16.Bh6 Bxa2 17.Rxa2 Ne6 18.Bxg7 Kxg7 19.Raa1 Qd6 20.Re4 Rad8 21.Rae1 c5 22.c3 cxd4
23.cxd4 Rd7 24.Qe3 Qb6 25.Ne5 Rd5 26.Nxf7 Rxf7 27.Rxe6 Qxd4 28.Rxe7 Qxe3
29.R7xe3 Rd2 30.R1e2 Rfd7 31.f3 h5 32.Kf2 R7d4 33.Rxd2 Rxd2+ 34.Re2 Rd3 35.Re3 Rd2+
36.Re2 Rd3 37.Ke1 Kf6 38.Rd2 Rb3 39.h4 b4 40.axb4 Rxb4 41.g3 Rb3 42.Kf2  1/2-1/2

[Event "Plock op rapid"]
[Site "Plock"]
[Date "1994.??.??"]
[Round "6"]
[White "Spyra, Wojciech"]
[Black "Slabek, Grzegorz"]
[Result "1-0"]
[WhiteElo "2165"]
[BlackElo "2245"]

1.e4 g6 2.d4 Bg7 3.Nc3 d5 4.exd5 Nf6 5.Nf3 Nxd5 6.Bc4 c6 7.O-O O-O 8.Bg5 h6
9.Bh4 Bg4 10.Re1 g5 11.Bg3 Nb6 12.Bb3 a5 13.a4 e6 14.Ne4 Na6 15.c3 Nd5 16.Nc5 Nxc5
17.dxc5 Re8 18.Qd3 Nf4 19.Qe3 Bxf3 20.Qxf3 e5 21.Rad1 Qe7 22.Bxf4 gxf4  1-0

[Event "Timisoara"]
[Site "Timisoara"]
[Date "1994.??.??"]
[Round "5"]
[White "Vajda, Albert"]
[Black "Bogdan, Dan"]
[Result "1/2-1/2"]
[WhiteElo "2335"]
[BlackElo "2420"]

1.e4 g6 2.d4 Bg7 3.Nc3 c5 4.dxc5 Na6 5.Bxa6 bxa6 6.Nge2 Nf6 7.O-O Qc7 8.Nd4 Bb7
9.c6 dxc6 10.Qe2 c5 11.Nf3 O-O 12.Bd2 Rfd8 13.Rad1 c4 14.Bc1 h6 15.Rfe1 e5
16.Qe3 Kh7 17.Rxd8 Rxd8 18.Qxa7 Bf8 19.Qe3 Ng4 20.Qe2 Bc5 21.Ng5+ hxg5 22.Qxg4 f6
23.Qf3 Kg7 24.a3 Qe7 25.Nd5 Qe6 26.Rd1 g4 27.Qe2 f5 28.Qxc4 Bxf2+ 29.Kxf2 fxe4
30.Qxe4 Bxd5 31.Qe3 Kg8 32.Kg1 Rf8 33.Qc5 Bb7 34.Bh6 Rf7 35.Qd6 Qf5 36.Qd8+ Kh7
37.Qh4 Qh5 38.Qxh5 gxh5 39.Be3 Be4 40.c3 Bc2 41.Rd5 Rf5 42.b4 h4 43.Rd6 h3
44.Rh6+ Kg7 45.Rh4 Bd1 46.gxh3 gxh3 47.Rxh3 Be2 48.Bf2 e4 49.Re3 Bd3 50.c4 Bxc4
51.Rxe4 Bb5 52.Bd4+ Kf7 53.Re3 Rf1+ 54.Kg2 Rd1 55.Bc5 Kf6 56.Kg3 Kf5 57.Rf3+ Ke5
58.h4 Bc6 59.Rc3 Kf5 60.Be3 Be8 61.Bf2 Ra1 62.Rf3+ Kg6 63.Kf4 Ra2 64.Bc5 Bc6
65.Re3 Rf2+ 66.Ke5 Kh5 67.Be7 Rg2 68.Bg5 Bb5 69.Kd6 Rd2+ 70.Kc5 Rc2+ 71.Kb6 Ra2
72.Be7 Kg6 73.Rg3+ Kf7 74.Bc5 Rh2 75.Rf3+ Ke6 76.Bf2 Kd5 77.Ka5 Be2 78.Rf7 Rh3
79.a4 Ra3 80.Be1 Kc6 81.Rf6+ Kc7 82.Rf7+ Kc6  1/2-1/2

[Event "Antwerp op"]
[Site "Antwerp"]
[Date "1995.??.??"]
[Round "8"]
[White "Henris, Luc"]
[Black "Afek, Yochanan"]
[Result "0-1"]
[WhiteElo "2310"]
[BlackElo "2390"]

1.e4 g6 2.d4 Bg7 3.Nc3 c5 4.dxc5 Qa5 5.Nf3 Nf6 6.Bd3 Qxc5 7.O-O d6 8.Be3 Qa5
9.Qd2 Nc6 10.Bh6 O-O 11.Bxg7 Kxg7 12.h3 Bd7 13.a3 Rac8 14.Rad1 a6 15.Rfe1 Rfe8
16.Qe3 Qc7 17.Nd5 Nxd5 18.exd5 Na5 19.Ng5 f6 20.Ne6+ Bxe6 21.Qxe6 Nc4 22.Bxc4 Qxc4
23.c3 Rc7 24.Rd4 Qa2 25.Rb4 b5 26.Ree4 Rc5 27.Qd7 Kf8 28.Rh4 h5 29.c4 bxc4
30.Kh2 c3 31.Rbg4 Qxd5 32.Rxg6 Qf7 33.Rh6 Kg7 34.b4 Rg5 35.f4 Rxg2+ 36.Kxg2 Kxh6
37.Qc6 Rg8+ 38.Kf3 Qg6 39.Ke2 Qc2+ 40.Ke3 Qd2+  0-1

[Event "Donau op"]
[Site "Aschach"]
[Date "1995.??.??"]
[Round "3"]
[White "Zoister, Stefan"]
[Black "Alvir, Aco"]
[Result "0-1"]
[WhiteElo "2035"]
[BlackElo "2325"]

1.e4 g6 2.d4 Bg7 3.Nc3 c5 4.Nf3 cxd4 5.Nxd4 Nc6 6.Be3 d6 7.Qd2 Nf6 8.f3 O-O
9.O-O-O d5 10.Qe1 e6 11.g4 Re8 12.Qh4 Nxd4 13.Bxd4 e5 14.Be3 d4 15.Bg5 Qa5
16.Nb1 Nd7 17.Bc4 Qc7 18.Nd2 Nb6 19.Bb3 a5 20.Kb1 a4 21.Bd5 a3 22.Rhg1 Na4
23.Rg3 axb2 24.Re1 Qa5 25.Rh3 Nc3+  0-1

[Event "Berliner Sommer"]
[Site "Berlin"]
[Date "1995.??.??"]
[Round "3"]
[White "Eismont, Oleg"]
[Black "Schulz, Karsten"]
[Result "1/2-1/2"]
[WhiteElo "2450"]
[BlackElo "2315"]

1.e4 g6 2.d4 Bg7 3.Nc3 d5 4.exd5 c6 5.dxc6 Nxc6 6.Bb5 Qxd4 7.Qxd4 Bxd4 8.Nd5 Be5
9.Nf3 Bd6 10.Bf4 Bxf4 11.Nxf4 Bd7 12.O-O-O Nf6 13.Rhe1 e6 14.Bxc6 Bxc6 15.Nxe6 fxe6
16.Rxe6+ Kf7 17.Ng5+ Kg7 18.Re7+ Kg8 19.Ne6 Ne8 20.Rd8 Rxd8 21.Nxd8 Kf8 22.Nxc6 bxc6
23.Rxa7 Rg8 24.Ra6 c5 25.Rc6 Ke7 26.Rxc5 Kd6 27.Rc8 Kd7 28.Rc3 Rf8 29.f3 Nd6
30.a4 Ra8 31.b3 Nf5 32.Kd2 Kd6 33.Rc4 Ra7 34.Kd3 Ne7 35.Rd4+ Kc6 36.Re4 Kd6
37.Rd4+ Kc6 38.g4 Nd5 39.Rc4+ Kd6 40.Rd4 Kc6 41.h4 Rf7 42.Ke2 Ra7 43.Kf2 Kc5
44.Re4 Kd6 45.Rc4 Ra8 46.Rd4 Kc5 47.Re4 Kd6 48.f4 Rc8 49.c4 Nf6 50.Re2 Nxg4+
51.Kf3 Nf6 52.Re5 Nd7 53.Rd5+ Kc6 54.Rb5 Re8 55.h5 Re1 56.hxg6 hxg6 57.a5 Ra1
58.Kg4 Rg1+ 59.Kf3 Ra1 60.Ke3 Re1+ 61.Kd3 Rf1 62.Ke3 Re1+ 63.Kf2 Ra1 64.Ke2 Ra2+
65.Ke3 Ra1 66.b4 Rc1 67.Rg5 Rxc4 68.b5+ Kd6 69.Rxg6+ Kd5 70.a6 Ra4 71.Kf3 Kc5
72.Rg7 Nf6 73.Rg5+ Nd5 74.Kg3 Ra3+ 75.Kg4 Ra5 76.f5 Nf6+ 77.Kf4 Kxb5 78.Rg6  1/2-1/2

[Event "Berliner Sommer"]
[Site "Berlin"]
[Date "1995.??.??"]
[Round "5"]
[White "Hector, Jonny"]
[Black "Schulz, Karsten"]
[Result "1-0"]
[WhiteElo "2510"]
[BlackElo "2315"]

1.e4 g6 2.d4 Bg7 3.Nc3 d5 4.Nxd5 c6 5.Ne3 Qxd4 6.Bd3 Nf6 7.Ne2 Qd8 8.O-O O-O
9.f4 Ng4 10.Nxg4 Bxg4 11.h3 Bxe2 12.Qxe2 Qb6+ 13.Kh1 Nd7 14.e5 e6 15.Be3 Qc7
16.Rad1 Rfd8 17.Bf2 Nb6 18.Bh4 Rd7 19.c4 Bf8 20.f5 exf5 21.e6 fxe6 22.Qxe6+ Rf7
23.Bxf5 gxf5 24.Rxf5 Bg7 25.Bd8 Rxd8 26.Rxd8+ Qxd8 27.Rxf7 Kh8 28.c5 Nd5
29.Rxb7 Qf8 30.Qd6 Qf1+ 31.Kh2 h6 32.Qg3 Qf6 33.Rb8+ Kh7 34.Qd3+ Qg6 35.Qxg6+ Kxg6
36.g3 a5 37.Rc8 Ne7 38.Ra8 Bxb2 39.Rxa5 Bd4 40.a4 Kf6 41.Ra8 Bxc5 42.a5 Ke6
43.a6 Kd7 44.a7 Nd5 45.Rd8+ Kxd8 46.a8=Q+ Kc7 47.Kg2 Be3 48.Kf3 Kd6 49.Ke4 Bd2
50.h4 Nf6+ 51.Kd4  1-0

[Event "HUN-ch (Women)"]
[Site "Budapest"]
[Date "1995.??.??"]
[Round "2"]
[White "Porubszky Angyalosine, Maria A"]
[Black "Lakos, Nikoletta"]
[Result "1/2-1/2"]
[WhiteElo "2225"]
[BlackElo "2265"]

1.e4 g6 2.d4 Bg7 3.Nc3 c5 4.Nf3 cxd4 5.Nxd4 Nc6 6.Be3 Nf6 7.Be2 O-O 8.O-O d5
9.exd5 Nxd5 10.Nxd5 Qxd5 11.Bf3 Qa5 12.Bxc6 bxc6 13.Qf3 Bb7 14.Nb3 Qd5 15.Nc5 Bc8
16.Qe2 Rb8 17.c3 Qh5 18.Rfe1 Rb5 19.Qxh5 gxh5 20.Re2 Rd8 21.a4 Rb6 22.f3 Bf5
23.Rc1 e5 24.b4 Rbb8 25.a5 Bf8 26.Bf2 Bh6 27.Be3 Bf8 28.h3 f6 29.g4 hxg4
30.hxg4 Bxc5 31.Bxc5 Bd3 32.Rd2 Bc4 33.Rxd8+ Rxd8 34.Bxa7 Rd3 35.Kf2 Bd5
36.Be3 Bc4 37.Ra1 Ba6 38.c4 Rb3 39.Bc5 Kf7 40.Rd1 Bxc4 41.Rd7+ Kg6 42.Bf8 Kg5
43.Rxh7 Bd5 44.Rh3 Rb2+ 45.Kg3 Rb3 46.Kf2 Rb2+ 47.Ke1 Rb1+ 48.Kd2 Rb2+  1/2-1/2

[Event "Cannes Martinez op"]
[Site "Cannes"]
[Date "1995.??.??"]
[Round "6"]
[White "Dunnington, Angus J"]
[Black "Guyot, Philippe"]
[Result "0-1"]
[WhiteElo "2385"]
[BlackElo "2245"]

1.d4 g6 2.e4 Bg7 3.Nc3 c5 4.dxc5 Qa5 5.Nf3 Qxc5 6.Nd5 Na6 7.Be3 Qa5+ 8.Bd2 Qd8
9.Bxa6 bxa6 10.Bf4 d6 11.e5 dxe5 12.Nxe5 e6 13.Nc3 Qxd1+ 14.Rxd1 Nf6 15.Nc4 O-O
16.O-O Nd5 17.Nxd5 exd5 18.Ne5 Be6 19.Nd3 Rfc8 20.Rd2 Rc4 21.b3 Rc3 22.Nb4 d4
23.Nxa6 Rac8 24.Rfd1 Rxc2 25.h3 Bf5 26.Nb4 Rxd2 27.Rxd2 Rc5 28.f3 a5 29.Nd3 Rc3
30.Ne5 g5 31.Bh2 Bf8 32.Kf1 f6 33.Nc4 Bd3+ 34.Ke1 Bxc4 35.bxc4 Rxc4 36.Ke2 Bb4
37.Rb2 Rc3 38.Bg3 Re3+ 39.Kd1 d3 40.Bf2 Re6 41.a3 Re2 42.Rxe2 dxe2+ 43.Kxe2 Bxa3
44.Kd3 a4 45.Bd4 Kf7 46.Kc4 Bd6  0-1

[Event "Ceske Budejovice op"]
[Site "Ceske Budejovice"]
[Date "1995.??.??"]
[Round "7"]
[White "Romanov, Oleg"]
[Black "Jacek, Martin"]
[Result "1-0"]
[WhiteElo "2345"]
[BlackElo "2155"]

1.d4 g6 2.e4 Bg7 3.Nc3 c5 4.d5 d6 5.Nf3 Nd7 6.Be2 Ngf6 7.O-O O-O 8.h3 Re8
9.Re1 Nf8 10.Bf4 Bd7 11.e5 dxe5 12.Nxe5 Qc8 13.a4 e6 14.Nxd7 N6xd7 15.Bg3 exd5
16.Qxd5 Nf6 17.Qa2 Qe6 18.Qxe6 Rxe6 19.Bf3 Rae8 20.Rxe6 Rxe6 21.a5 b6 22.a6 Nh5
23.Bb8 Bxc3 24.bxc3 Re7 25.Bb7 Nd7 26.Bxa7 Re8 27.g4 Nf4 28.Bc6  1-0